Greek Cities by Picture - Statistics

General Stats
  • This quiz has been taken 44 times
  • The average score is 6 of 10
Answer Stats
Picture Answer % Correct
Athens
97%
Thessaloniki
92%
Heraklion
81%
Chanía
76%
Rhodes
66%
Alexandroupoli
61%
Vólos
58%
Larissa
53%
Chalcis
43%
Ioánnina
41%
Tríkala
36%
Kateríni
32%
Agrinio
28%
Serres
21%
No matching quizzes found
Score Distribution
Percent of People with Each Score
Percentile by Number Answered
Your Score History
You have not taken this quiz